| 000 | 00676nam a2200229 i 4500 | ||
|---|---|---|---|
| 001 | 125732 | ||
| 003 | ES-MaACL | ||
| 005 | 20250827062624.0 | ||
| 007 | t| | ||
| 008 | 070214s1978 sp r ||||1| spa d | ||
| 110 | 1 |
_aEspaña _93622 |
|
| 130 | 0 | 0 |
_aLeyes, etc. _9122601 |
| 245 | 1 | 0 | _aRégimen jurídico de las Sociedades Anónimas. |
| 250 | _a8ª ed. | ||
| 260 |
_aMadrid : _bBoletín Oficial del Estado, _c1978. |
||
| 300 |
_a220 p. ; _c17 cm. |
||
| 490 | 1 |
_aTextos legales ; _v16 |
|
| 650 | 0 | 4 |
_aSociedades anónimas- _zEspaña- _yLegislación. _917184 |
| 830 | 0 |
_aTextos legales ; _v16 _9178122 |
|
| 852 |
_aES-MaACL _jC-13489 _bR.100762 |
||
| 999 |
_c125732 _d125732 |
||